Аэрокосмические методы в социально-экономической географии: учебно-методическое пособие

Dettagli Bibliografici
Enti autori: Московский государственный университет им. М. В. Ломоносова (МГУ) Факультет повышения квалификации преподавателей вузов, Московский государственный университет им. М. В. Ломоносова (МГУ) Географический факультет Межуниверситетский аэрокосмический центр
Altri autori: Книжников Ю. Ф. Юрий Фирсович (редактор)
Lingua:russo
Pubblicazione: Москва, Изд-во МГУ, 1983
Soggetti:
Natura: MixedMaterials Libro
KOHA link:https://koha.lib.tpu.ru/cgi-bin/koha/opac-detail.pl?biblionumber=291864

MARC

LEADER 00000nam0a2200000 4500
001 291864
005 20231102000432.0
020 |a RU  |b 83-94048 
035 |a (RuTPU)RU\TPU\book\316455 
090 |a 291864 
100 |a 20150417d1983 k y0rusy5003 ca 
101 0 |a rus 
102 |a RU 
105 |a a j 001zy 
200 1 |a Аэрокосмические методы в социально-экономической географии  |e учебно-методическое пособие  |f Московский государственный университет им. М. В. Ломоносова (МГУ), Факультет повышения квалификации преподавателей вузов ; Географический факультет, Межуниверситетский аэрокосмический центр ; под ред. Ю. Ф. Книжникова 
210 |a Москва  |c Изд-во МГУ  |d 1983 
215 |a 203 с.  |c ил. 
606 1 |a Географические исследования  |2 stltpush  |3 (RuTPU)RU\TPU\subj\68113  |9 83643 
606 1 |a Географические исследования с космических летательных аппаратов  |2 stltpush  |3 (RuTPU)RU\TPU\subj\5895  |9 33881 
610 1 |a экономическая география 
610 1 |a аэрокосмические методы 
610 1 |a аэрокосмические исследования 
610 1 |a космические методы 
610 1 |a природные среды 
610 1 |a аэрокосмические снимки 
610 1 |a географическая информация 
610 1 |a геологическое строение 
610 1 |a космические снимки 
610 1 |a сельское хозяйство 
610 1 |a население 
610 1 |a города 
610 1 |a промышленность 
610 1 |a транспорт 
610 1 |a расслоение 
610 1 |a социальные исследования 
610 1 |a учебно-методические пособия 
675 |a 910.25:629.78  |v 3 
675 |a 910  |v 3 
702 1 |a Книжников  |b Ю. Ф.  |g Юрий Фирсович  |4 340 
712 0 2 |a Московский государственный университет им. М. В. Ломоносова (МГУ)  |b Факультет повышения квалификации преподавателей вузов  |2 stltpush  |3 (RuTPU)RU\TPU\col\7 
712 0 2 |a Московский государственный университет им. М. В. Ломоносова (МГУ)  |b Географический факультет  |b Межуниверситетский аэрокосмический центр  |2 stltpush  |3 (RuTPU)RU\TPU\col\7 
801 0 |a RU  |b RuMRKP  |c 19950704  |g psbo 
801 1 |a RU  |b 63413507  |c 20150417 
801 2 |a RU  |b 63413507  |c 20180416  |g RCR 
942 |c BK